000 00616cam a22002173a 4500
001 37852
003 PGUSA
005 20140828083830.0
008 111026s2011||||xxu|||||s|||||000 | eng d
040 _aPGUSA
_beng
042 _adc
100 1 _aMorley, Christopher,
_d1890-1957
245 1 0 _aChimneysmoke
_h[electronic resource] /
_cChristopher Morley
260 _bProject Gutenberg,
_c2011
506 _aPublic domain in the USA.
516 _aElectronic text
700 1 _aFogarty, Thomas,
_d1873-1938
830 0 _aProject Gutenberg
_v37852
856 4 0 _uhttp://www.gutenberg.org/ebooks/37852
942 _cEB
999 _c267106
_d267106